Giáo trình dược liệu (Dùng trong các trường THCN)

Nội dung giáo trình trình bày đại cương về dược liệu, tác dụng của dược liệu chữa các bệnh cảm sốt, sốt rét, ho, hen suyễn...

Saved in:
Bibliographic Details
Main Author: Nguyễn, Thúy Dần
Format: Book
Language:Undetermined
Published: Hà Nội Nhà xuất bản Hà Nội 2007
Subjects:
Tags: Add Tag
No Tags, Be the first to tag this record!
Institutions: Trung tâm Học liệu Trường Đại học Cần Thơ
LEADER 00849nam a2200217Ia 4500
001 CTU_142793
008 210402s9999 xx 000 0 und d
020 |c 33000 
082 |a 615.19007 
082 |b D121 
100 |a Nguyễn, Thúy Dần 
245 0 |a Giáo trình dược liệu 
245 0 |b (Dùng trong các trường THCN) 
245 0 |c Nguyễn Thúy Dần 
260 |a Hà Nội 
260 |b Nhà xuất bản Hà Nội 
260 |c 2007 
520 |a Nội dung giáo trình trình bày đại cương về dược liệu, tác dụng của dược liệu chữa các bệnh cảm sốt, sốt rét, ho, hen suyễn... 
650 |a Pharmaceutical chemistry,Hóa dược 
904 |i Duy Bằng 
980 |a Trung tâm Học liệu Trường Đại học Cần Thơ